000 00856nam a2200253Ia 4500
003 OSt
005 20220923220718.0
006 a|||||r|||| 00| 0
007 ta
008 220922b |||||||| |||| 00| 0 hin d
024 _a189,517
037 _cTextual
040 _aARTS
_cARTS
_bhin
041 _2hin
_ahin
082 _aO152,2N27,37, J8
100 _aहरि कृष्ण, प्रेमी
_9157719
245 0 _aममता
_b एक सामाजिक नाटक
246 _aMamatā: ek sāmājik nāṭaka
260 _aदिल्ली
_b राजपाल एण्ड सन्स
_c1958
300 _a116पृ.
_ccm.
650 _aहिन्दी साहित्य
_9156264
942 _hO152,2N27,37, J8
_cTEXL
_2CC
999 _c342360
_d342360